000 01144nam a2200313 a 4500
001 BRCA_8328
005 20190320210230.0
008 300614s1924----gw-a###f##---#001-0#ger-#
041 _ager
044 _agw
050 4 _aN6913
_b.V5 1924
100 1 _aVitzthum, Georg Graf
_920815
245 1 0 _aDie malerei und plastik der mittelalters in Italien
_cvon Georg Graf Vitzthum und W. F. Volbach-Berlin ; begründet von Fritz Burger ; herausgegeben von A. E. Brinckmann.
260 _aAlemania
_bAkademische Verlagsgesellschaft Athenaion
_c1924
300 _a339 p.
_bil. (algunas a color), 19 láminas
_c29 cm.
440 0 _aHandbuch der Kunstwissenschaft
_920816
500 _aIncluye índice de ilustraciones e índice de artistas
500 _aVer también R44 (parte II)
500 _aR37
650 1 4 _aPintura italiana
_910312
650 1 4 _aEscultura italiana
_918522
650 1 4 _aPintura medieval
_911875
650 1 4 _aEscultura medieval
_918870
700 1 _aVolbach-Berlin, Wolfgang Friedrich
_ecoaut.
_920817
700 1 _aBurger, Fritz
_920818
700 1 _aBrinckmann, A. E.
_eed.
_920819
902 _aGFM
942 _2lcc
_cB
999 _c7996
_d7996